The state of cycle rickshaws : (Record no. 150835)

MARC details
000 -LEADER
fixed length control field 00693nam a22001937a 4500
005 - DATE AND TIME OF LATEST TRANSACTION
control field 20180409102844.0
010 ## - LCCN (DPL NO)
LC control number ENG-122503
020 ## - INTERNATIONAL STANDARD BOOK NUMBER
International Standard Book Number 9789380574882
Terms of availability 1595.00
035 ## - SYSTEM CONTROL NUMBER
System control number EN-106035
037 ## - SOURCE OF ACQUISITION
Source of stock number/acquisition DBAD/PUB
082 ## - DEWEY DECIMAL CLASSIFICATION NUMBER
Classification number 388.4132
245 ## - TITLE STATEMENT
Title The state of cycle rickshaws :
Statement of responsibility, etc ed. by Rajindra Ravi
Remainder of title identity and struggle of cycle rickshaws in national capital region /
260 ## - PUBLICATION, DISTRIBUTION, ETC. (IMPRINT)
Place of publication, distribution, etc Delhi
Name of publisher, distributor, etc Bookwell
Date of publication, distribution, etc 2016
270 ## - ADDRESS
Address 3/79, Nirankari Colony,
City Delhi
Postal code 110009
Telephone number 91-11-27601283
Electronic mail address bkwell@nde.vsnl.net.in,
300 ## - PHYSICAL DESCRIPTION
Extent 448p.
Other physical details ill. picture
Dimensions 23cm(Hb)
500 ## - GENERAL NOTE
General note Include bibliography [and] references
700 ## - ADDED ENTRY--PERSONAL NAME
Dates associated with a name Rajindra Ravi
942 ## - ADDED ENTRY ELEMENTS (KOHA)
Source of classification or shelving scheme Dewey Decimal Classification
Item type English Books
Call number suffix THE
Classification part 388.4132
Holdings
Withdrawn status Lost status Not for loan Collection code Home library Current library Date acquired Source of acquisition Cost, normal purchase price Full call number Barcode Copy number Cost, replacement price Koha item type
    Not For Loan Non-fiction D.B.Act.Division Bawana 06/04/2018 DBAD/PUB 1595.00 388.4132 THE EN-106035 1 1595.00 English Books

© Delhi Public Library
Hit Counter
free hit counter